LEADER 01610nam 2200529 a 450 001 9910452901503321 005 20200520144314.0 010 $a1-61470-514-3 035 $a(CKB)2550000001042792 035 $a(EBL)3020573 035 $a(SSID)ssj0000875528 035 $a(PQKBManifestationID)12375501 035 $a(PQKBTitleCode)TC0000875528 035 $a(PQKBWorkID)10889885 035 $a(PQKB)11218008 035 $a(MiAaPQ)EBC3020573 035 $a(Au-PeEL)EBL3020573 035 $a(CaPaEBR)ebr10677964 035 $a(OCoLC)829713873 035 $a(EXLCZ)992550000001042792 100 $a20110708d2012 uy 0 101 0 $aeng 135 $aur|n|---||||| 181 $ctxt 182 $cc 183 $acr 200 00$aMolybdenum$b[electronic resource] $echaracteristics, production and applications /$fMati?as Ortiz and Thiago Herrera, editors 210 $aNew York $cNova Science Publishers$dc2012 215 $a1 online resource (280 p.) 225 1 $aChemistry research and applications 300 $aDescription based upon print version of record. 311 $a1-61470-504-6 320 $aIncludes bibliographical references and index. 410 0$aChemistry research and applications series. 606 $aMolybdenum 608 $aElectronic books. 615 0$aMolybdenum. 676 $a620.1/8934 701 $aOrtiz$b Mati?as$0904888 701 $aHerrera$b Thiago$0904889 801 0$bMiAaPQ 801 1$bMiAaPQ 801 2$bMiAaPQ 906 $aBOOK 912 $a9910452901503321 996 $aMolybdenum$92023581 997 $aUNINA LEADER 02853nam 2200577 450 001 9910795169003321 005 20240110012100.0 010 $a3-657-76753-3 024 7 $a10.30965/9783657767533 035 $a(CKB)4920000000123674 035 $a(nllekb)BRILL9783657767533 035 $a(MiAaPQ)EBC6517990 035 $a(Au-PeEL)EBL6517990 035 $a(OCoLC)1243540671 035 $a(EXLCZ)994920000000123674 100 $a20240110d2010 uy 0 101 0 $ager 135 $aurun####uuuua 181 $ctxt$2rdacontent 182 $cc$2rdamedia 183 $2rdacarrier 200 10$aBevo?lkerung und Milita?r in Bamberg 1860-1923 $eEine Bayerische Stadt und der Preußisch-Deutsche Militarismus /$fIngrid Mayershofer 205 $aFirst edition. 210 1$aPaderborn, Germany :$cFerdinand Scho?ningh,$d[2010] 210 4$d©2010 215 $a1 online resource 225 1 $aSonderreihe der Abhandlungen Papyrologica Coloniensia;$vvolume33 311 $a3-506-76753-4 320 $aIncludes bibliographical references and indexes. 330 $aDer preußisch-deutsche Militarismus war spätestens zu Beginn des Ersten Weltkriegs im Denken und im alltäglichen Leben der meisten Deutschen fest verwurzelt. Das war noch zu Beginn des Kaiserreichs nicht ohne weiteres zu erwarten gewesen, insbesondere nicht in Bayern, das eine andere Tradition und ein anderes, dis-tan-zierteres Verhältnis zum Militär hatte als die preußische Vormacht. Dem Mentalitätswandel allem Militärischen gegenüber, der sich auch in Bayern nach der Reichsgründung vollzog, geht diese Studie detailliert nach. Sie tut das exemplarisch anhand des öffentlichen Diskurses über Wehrfragen, Wehrpflicht, 'Wehrhaftigkeit' und Militär, der in der mit mehreren Regimentern belegten Garnisons,- Bürger- und katholischen Bischofsstadt Bamberg seit Mitte des 19. Jahrhunderts geführt wurde, in Militärkreisen selbst, in Vereinen und Kirchen, in Schulen, Behörden und in der Presse. Die aufschlussreiche Studie endet mit den Folgen der Restriktionen von 'Versailles', als das Thema 'Wehrhaftigkeit' zusehends von der völkischen Rechten besetzt wurde. 410 0$aSonderreihe der Abhandlungen Papyrologica Coloniensia;$vvolume33. 606 $aHistory 615 0$aHistory. 676 $a336.7305 686 $a266000 Bamberg*by*of$2sbb 686 $a269000*by*of$2sbb 686 $a8,1$2ssgn 686 $aNS 2570$2rvk 686 $aNZ 95165$2rvk 686 $af 140$2ifzs 686 $as 42$2ifzs 686 $as 43$2ifzs 686 $as 90.2$2ifzs 700 $aMayershofer$b Ingrid$f1975-$01572657 801 0$bMiAaPQ 801 1$bMiAaPQ 801 2$bMiAaPQ 906 $aBOOK 912 $a9910795169003321 996 $aBevo?lkerung und Milita?r in Bamberg 1860-1923$93847738 997 $aUNINA